ARRUPE JESUIT UNIVERSITY

CORONAVIRUS -STOP THE SPREAD - CLEAN,DISINFECT,COVER

Fundamentals of speech, (Record no. 129457)

MARC details
000 -LEADER
fixed length control field 00801cam a22002651 4500
001 - CONTROL NUMBER
control field 9375787
003 - CONTROL NUMBER IDENTIFIER
control field ARRUPE
005 - DATE AND TIME OF LATEST TRANSACTION
control field 20190425120423.0
008 - FIXED-LENGTH DATA ELEMENTS--GENERAL INFORMATION
fixed length control field 751126s1962 nyua 000 0 eng
010 ## - LIBRARY OF CONGRESS CONTROL NUMBER
LC control number 62017970
035 ## - SYSTEM CONTROL NUMBER
System control number (OCoLC)1857782
040 ## - CATALOGING SOURCE
Original cataloging agency DLC
Transcribing agency FT
Modifying agency OCoLC
-- DLC
042 ## - AUTHENTICATION CODE
Authentication code premarc
050 00 - LIBRARY OF CONGRESS CALL NUMBER
Classification number PN4121
Item number .H3487
082 ## - DEWEY DECIMAL CLASSIFICATION NUMBER
Classification number 808.5
300 ## - PHYSICAL DESCRIPTION
Other physical details illus.
Dimensions 21 cm.
100 1# - MAIN ENTRY--PERSONAL NAME
Personal name Hibbitt, George Whiting,
Dates associated with a name 1895-
9 (RLIN) 45978
245 00 - TITLE STATEMENT
Title Fundamentals of speech,
Remainder of title a college course guide.
Statement of responsibility, etc George W. Hibbitt
260 ## - PUBLICATION, DISTRIBUTION, ETC. (IMPRINT)
Place of publication, distribution, etc Garden City, N.Y.,
Name of publisher, distributor, etc Doubleday,
Date of publication, distribution, etc 1962.
300 ## - PHYSICAL DESCRIPTION
Extent 188 p.
440 #0 - SERIES STATEMENT/ADDED ENTRY--TITLE
Title Doubleday college course guides,
Volume number/sequential designation U8
9 (RLIN) 45979
650 #0 - SUBJECT ADDED ENTRY--TOPICAL TERM
Topical term or geographic name as entry element Speech.
9 (RLIN) 45980
906 ## - LOCAL DATA ELEMENT F, LDF (RLIN)
a 7
b cbc
c oclcrpl
d u
e ncip
f 19
g y-gencatlg
942 ## - ADDED ENTRY ELEMENTS (KOHA)
Source of classification or shelving scheme Library of Congress Classification
Koha item type Monograph ( Printed materials)
Holdings
Withdrawn status Lost status Source of classification or shelving scheme Damaged status Not for loan Collection code Home library Current library Shelving location Date acquired Total Checkouts Full call number Barcode Date last seen Date checked out Price effective from Koha item type
    Library of Congress Classification     Main Collection ARRUPE LIBRARY ARRUPE LIBRARY Main Collection 25/04/2019 1 PN4121 .H3487 46600004561 06/03/2023 27/02/2023 25/04/2019 Monograph ( Printed materials)

 

Arrupe Library. PO Box MP320 Mt Pleasant, Harare, Zimbabwe
263 242 745411|librarian@aju.ac.zw